Açlık/ (Record no. 13955)

MARC details
000 -BAŞLIK
Sabit Uzunlukta Kontrol Alanı 00616nam a22002297a 4500
999 ## - SİSTEM KONTROL NUMARALARI (KOHA)
Koha Biblionumber 13955
Koha Biblioitemnumber 13955
001 - KONTROL NUMARASI
Denetim Alanı 14046
003 - KONTROL NUMARASI IDENTIFIER
Denetim Alanı MIRAKIL
005 - SON İŞLEM TARİHİ VE ZAMANI
Denetim Alanı 20200825120209.0
008 - SABİT-BOY VERİ ELEMANLARI - GENEL BİLGİLER
Sabit Uzunlukta Kontrol Alanı 200825b tu ||||| |||| 00| 0 tur d
035 ## - SİSTEM KONTROL NUMARASI
Sistem Kontrol Numarası 14046
040 ## - KATALOGLAMA KAYNAK
Orijinal Kataloglama Ajansı TR-AnCHP
Kataloglama Dili tur
Metne Dönüştürmek Ajansı TR-AnCHP
041 ## - DİL KODU
Metin / Ses Parça Veya Ayrı Başlığın Dil Kodu tur
Orijinalin Dil Kodu nor
082 ## - DEWEY ONLU SINIFLANDIRMA NUMARASI
Sınıflandırma Numarası 839.827
Ürün Numarası H25a 1984
100 ## - ANA GİRİŞ - KİŞİSEL İSİM
Kişisel Ad Hamsun, Knut
Bir Adıyla İlişkilendirilen Tarihler 1859-1952
245 ## - BAŞLIK TABLOSU
Başlık Açlık/
Sorumluluk Tablosu, Vb Knut Hamsun; çeviren: Ahmet Cemal.
250 ## - EDITION TABLOSU
Baskı Beyanı 2 bs.
260 ## - YAYIN, DAĞITIM, VB
Yayın, Dağıtım, Vb Yeri İstanbul:
Yayıncı, Dağıtıcı, Vs Adı Can Yayınları,
Yayın, Dağıtım, Vb Tarihi 1984.
300 ## - FİZİKSEL TANIM
Kapsam 239 s.:
Boyutlar 20 sm.
650 #0 - KONU KATMA GİRİŞ - TOPİKAL DÖNEM
Topikal Süreli Veya Coğrafi Ad Giriş Elemanı Norveç edebiyatı
9 (RLIN) 6435
Genel Alt Bölümü Roman
700 ## - KATMA GİRİŞ - KİŞİSEL İSİM
Kişisel Ad Cemal, Ahmet
Relator Terim çev.
9 (RLIN) 6444
942 ## - EKLENDİ GİRİŞ ELEMANLARI (KOHA)
Koha Öğesi Türü Books
Holdings
Kalıcı Konum Mevcut Konum Edinme Tarihi Toplam Check-Out'Lar Tam Çağrı Numarası Barkod Tarih Son Görülme İtibaren Geçerli Fiyatlar Sigara Kamu Notu Koha Öğesi Türü
CHP Kütüphanesi CHP Kütüphanesi 08/25/2020   839.827 H25a 1984 019438 08/25/2020 08/25/2020 Emine Başak Alkan Bağışıdır. Books